Financial management : (رقم التسجيلة. 29009)

تفاصيل مارك
000 -الفاتح
حقل البيانات ثابتة الطول 00735nam a22002177a 4500
003 - محدد رقم الضبط
رقم الضبط OSt
005 - وقت وتاريخ اخر تعامل مع التسجيلة
رقم الضبط 20150408114126.0
008 - عناصر البيانات ثابتة الطول - معلومات عامة
حقل البيانات ثابتة الطول 130313s 2011mau||||g |||| 00| 0 eng d
020 ## - الرقم الدولى المعيارى للكتب
الرقم الدولى المعيارى للكتاب 9780132174220
040 ## - مصدر الفهرسة
وكالة الفهرسة الأصلية Ma-un
082 ## - رقم تصنيف ديوى العشرى
رقم التصنيف 658.15
رقم المادة TSF
100 ## - المدخل الرئيسى - إسم شخصى
الإسم الشخصى Titman, Sheridan.
9 (RLIN) 18162
245 ## - بيان العنوان
العنوان Financial management :
بقية العنوان principles and applications /
بيان المسئوليه,etc Sheridan Titman, Arthur J. Keown, John D. Martin.
250 ## - بيان الطبعة
بيان الطبعة Eleventh Edition
260 ## - PUBLICATION, DISTRIBUTION, ETC. (IMPRINT)
مكان الناشر او الموزع Boston, Mass. :
اسم الناشر او الموزع Prentice Hall,
تاريخ النشر أو التوزيع 2011
300 ## - الوصف المادى
التعداد 1 volume (various pagings) :
تفاصيل ماديه اخرى للوعاء illustrations, maps ;
أبعاد الوعاء 28 cm
504 ## - تبصرة ببليوجرافية
تبصرة ببليوجرافية,الخ Includes bibliographical references and index.
650 ## - المدخل الاضافى بالموضوع-مصطلح موضوعى
مصطلح موضوعي أو اسم جغرافي كعنصر مدخل Corporations |x Finance.
9 (RLIN) 34264
700 ## - المدخل الاضافى - اسم شخصى
الإسم الشخصى Keown, Arthur J.
9 (RLIN) 34265
942 ## - عناصر المدخل الإضافي( كوها)
مصدر التصنيف او مخطط الترفيف Dewey Decimal Classification
Koha [default] item type كتاب
المقتنيات
حالة الفقد نموذج السعر الفعال حالة تلف ليس للاعارة رقم الطلب رقم النسخة تاريخ الاكتساب الموقع الحالي الباركود الفرع الرئيسي Date last seen نوع المادة فى نظام كوها مصدر التصنيف او خطة الترفيف Total Checkouts Date last checked out Total Renewals
  2013-03-13   Not For Loan 658.15 TSF 1 2013-03-13 المكتبة المركزية بالمجمعة (CL) 00304880 المكتبة المركزية بالمجمعة (CL) 2013-03-13 كتاب Dewey Decimal Classification      
  2013-03-13     658.15 TSF 2 2013-03-13 المكتبة المركزية بالمجمعة (CL) 00304881 المكتبة المركزية بالمجمعة (CL) 2017-12-06 كتاب Dewey Decimal Classification 1 2017-11-23  
  2013-03-13     658.15 TSF 3 2013-03-13 المكتبة المركزية بالمجمعة (CL) 00304882 المكتبة المركزية بالمجمعة (CL) 2023-12-27 كتاب Dewey Decimal Classification 1 2023-04-06 1
  2013-03-13   Not For Loan 658.15 TSF 1 2013-03-13 قسم الاجراءات الفنية (IC) 00304887 قسم الاجراءات الفنية (IC) 2013-03-13 كتاب Dewey Decimal Classification      
  2013-03-13     658.15 TSF 2 2013-03-13 قسم الاجراءات الفنية (IC) 00304888 قسم الاجراءات الفنية (IC) 2013-03-13 كتاب Dewey Decimal Classification      
  2013-03-13   Not For Loan 658.15 TSF 1 2013-03-13 مكتبة كلية التربية بالزلفى - طالبات (EZF) 00304885 مكتبة كلية التربية بالزلفى - طالبات (EZF) 2013-03-13 كتاب Dewey Decimal Classification      
  2013-03-13     658.15 TSF 2 2013-03-13 مكتبة كلية التربية بالزلفى - طالبات (EZF) 00304886 مكتبة كلية التربية بالزلفى - طالبات (EZF) 2013-03-13 كتاب Dewey Decimal Classification      
  2013-03-13   Not For Loan 658.15 TSF 1 2013-03-13 مكتبة مجمع الطالبات بالمجمعة (EMF) 00304883 مكتبة مجمع الطالبات بالمجمعة (EMF) 2013-03-13 كتاب Dewey Decimal Classification      
  2013-03-13     658.15 TSF 2 2013-03-13 مكتبة مجمع الطالبات بالمجمعة (EMF) 00304884 مكتبة مجمع الطالبات بالمجمعة (EMF) 2013-03-13 كتاب Dewey Decimal Classification